Shahnon Ahmad : (Record no. 152315)
[ view plain ]
| 000 -LEADER | |
|---|---|
| fixed length control field | 00956nam a2200289 i 4500 |
| 001 - CONTROL NUMBER | |
| control field | C2-0233366 |
| 003 - CONTROL NUMBER IDENTIFIER | |
| control field | PPAK |
| 005 - DATE AND TIME OF LATEST TRANSACTION | |
| control field | 20180728090522.0 |
| 008 - FIXED-LENGTH DATA ELEMENTS--GENERAL INFORMATION | |
| fixed length control field | 010513s2000 my |||| ||||| | eng d |
| 020 ## - INTERNATIONAL STANDARD BOOK NUMBER | |
| International Standard Book Number | 967942461X |
| 040 ## - CATALOGING SOURCE | |
| Original cataloging agency | PPAK |
| Language of cataloging | eng |
| Transcribing agency | PPAK |
| Description conventions | rda |
| 082 04 - DEWEY DECIMAL CLASSIFICATION NUMBER | |
| Classification number | 899.2309 |
| Edition number | 23 |
| 090 00 - LOCALLY ASSIGNED LC-TYPE CALL NUMBER (OCLC); LOCAL CALL NUMBER (RLIN) | |
| Classification number (OCLC) (R) ; Classification number, CALL (RLIN) (NR) | 899.2309 |
| Feature heading | AVE |
| Feature heading | G |
| Classification number (OCLC) (R) ; Classification number, CALL (RLIN) (NR) | 899.2309 |
| Feature heading | AVE |
| Feature heading | KK |
| Classification number (OCLC) (R) ; Classification number, CALL (RLIN) (NR) | 899.2309 |
| Feature heading | AVE |
| Feature heading | KMI |
| 100 1# - MAIN ENTRY--PERSONAL NAME | |
| Personal name | Aveling, Harry, |
| Relator term | author |
| 245 10 - TITLE STATEMENT | |
| Title | Shahnon Ahmad : |
| Remainder of title | Islam, power and gender |
| 264 #1 - PRODUCTION, PUBLICATION, DISTRIBUTION, MANUFACTURE, AND COPYRIGHT NOTICE | |
| Place of production, publication, distribution, manufacture | Bangi, Selangor : |
| Name of producer, publisher, distributor, manufacturer | Universiti Kebangsaan Malaysia , |
| Date of production, publication, distribution, manufacture, or copyright notice | 2000 |
| 300 ## - PHYSICAL DESCRIPTION | |
| Extent | 232 pages ; |
| Dimensions | 23 cm |
| 336 ## - CONTENT TYPE | |
| Source | rdacontent |
| Content type term | text |
| 337 ## - MEDIA TYPE | |
| Source | rdamedia |
| Media type term | unmediated |
| 338 ## - CARRIER TYPE | |
| Source | rdacarrier |
| Carrier type term | volume |
| 490 1# - SERIES STATEMENT | |
| Series statement | Siri pemikiran Bangi |
| 650 10 - SUBJECT ADDED ENTRY--TOPICAL TERM | |
| Topical term or geographic name entry element | Shahnon Ahmad, Datuk Haji, 1933 - Religion. ; Shahnon Ahmad, Datuk Haji, 1933 - Criticism and interpretation. ; Malay literature - History and criticism. |
| 830 #0 - SERIES ADDED ENTRY--UNIFORM TITLE | |
| Uniform title | Siri pemikiran Bangi |
| 942 ## - ADDED ENTRY ELEMENTS (KOHA) | |
| -- | dc |
| Koha item type | Book |
| Withdrawn | Not for loan | Current library | Shelving location | Date acquired | Total Checkouts | Full call number | Barcode | Date last seen | Date last checked out | Koha item type |
|---|---|---|---|---|---|---|---|---|---|---|
| Perpustakaan Alor Setar | Pinjaman Dewasa | 02/08/2001 | 1 | 899.2309 AVE | A00967426 | 23/02/2020 | 15/02/2020 | Book | ||
| Not For Loan | Perpustakaan Alor Setar | Koleksi Kedah | 16/08/2001 | KK 899.2309 AVE | A00968234 | 31/05/2018 | Book | |||
| Not For Loan | Perpustakaan Alor Setar | Koleksi Kedah | 16/08/2001 | KK 899.2309 AVE | A00968235 | 31/05/2018 | Book | |||
| Not For Loan | Perpustakaan Alor Setar | Koleksi Prof. Dr. Muhammad Isa Othman | 02/06/2011 | KMI 899.2309 AVE | A00384206 | 31/05/2018 | Book | |||
| Perpustakaan Awam Sungai Petani | Pinjaman Dewasa | 02/08/2001 | 899.2309 AVE | A00967427 | 31/05/2018 | Book | ||||
| Not For Loan | Perpustakaan Awam Sungai Petani | Koleksi Kedah | 16/08/2001 | KK 899.2309 AVE | A00968236 | 31/05/2018 | Book | |||
| Not For Loan | Perpustakaan Bandar Baharu | Koleksi Kedah | 16/08/2001 | KK 899.2309 AVE | A00968241 | 31/05/2018 | Book | |||
| Perpustakaan Jitra | Pinjaman Dewasa | 02/08/2001 | 899.2309 AVE | A00967428 | 31/05/2018 | Book | ||||
| Not For Loan | Perpustakaan Jitra | Koleksi Kedah | 16/08/2001 | KK 899.2309 AVE | A00968237 | 31/05/2018 | Book | |||
| Not For Loan | Perpustakaan Kulim | Koleksi Kedah | 16/08/2001 | KK 899.2309 AVE | A00968240 | 31/05/2018 | Book | |||
| Not For Loan | Perpustakaan Langkawi | Koleksi Kedah | 16/08/2001 | KK 899.2309 AVE | A00968238 | 31/05/2018 | Book |